00996nam a2200253Ia 4500001002200000003000900022008004100031040002300072041001300095100003300108240004000141245004600181250001100227260002600238300001900264490002100283501012400304520003100428700003700459942000700496957000600503999004100509952019200550701-COO an tr (14896)IT-MiSPE171229s9999||||xx |||||||||||||| ||und|| aIT-MiSPEcIT-MiSPE aITALIANO aAnanda Kentish Coomaraswamy  aThe transformation of nature in art 0aLa trasfigurazione della natura nell'arte a2a ed. aMilanobRusconic1990 a185 p. c22 cm aProblemi attuali aEdizioni San Paolo srl - Piazza Soncino, 5 - 20092 CINISELLO BALSAMO (MI) (non commercial uses only) ® Copyright 2018 aGrazia Marchianò (intr.) aGrazia Marchianòg(traduzione) cBK 71 a1273bNOg Copie: 1 c351226d351226 0010406701COO_AN_TR_1489671aCINISELLObCINISELLOd2017-12-30l0o701-COO an tr (14896)r2017-12-30 00:00:00w2017-12-30yBKz(data import: 20 dicembre 2017) - By Epidotti, Vaglietti.